00662nam a2200181 a 450000500170000000800410001704000270005804100080008504400070009308200220010011000510012224501380017326000200031130000430033165000210037465000270039571000580042220160220104839.0140313t2003 ck a gr|||| 00| 0 spa d aCO-BoIAVH cCO-BoIAVH  aspa ack04a346.0467515bC73n2 bComité de Normas para Plantaciones del GTCFV1 aNormas para la certificación forestal voluntaria de plantaciones forestales y bosques naturales en Colombia bajo el esquema del FSC aCalibWWFc2003 a113 p. :bilustraciones. ;c28 x 21 cm 4aLeyes forestales 4alegislación forestal a^aComité de normas para Bosques Naturales del GTCFV